Racionalizace řízení a správy ve VD

Salvato in:
Dettagli Bibliografici
Autore principale: Smolová, Ivana
Altri autori: Šťastný, Jiří
Natura: Libro
Lingua:ceco
Pubblicazione: Praha Svépomoc 1987
Edizione:1. vyd.
Tags: Aggiungi Tag
Nessun Tag, puoi essere il primo ad aggiungerne!!

MARC

LEADER 00000nam a2200000 4500
001 c038040
005 20221206140319.6
041 0 |a cze 
044 |a CZ 
245 1 0 |a Racionalizace řízení a správy ve VD  |c Ivana Smolová, Jiří Šťastný 
250 |a 1. vyd. 
264 1 |a Praha  |b Svépomoc  |c 1987 
300 |a 215 s. 
100 1 |a Smolová, Ivana 
700 1 |a Šťastný, Jiří